Body fluids and their neutrality. (Record no. 8925)
[ view plain ]
| 000 -LEADER | |
|---|---|
| fixed length control field | 00790nam a22002531 4500 |
| 001 - CONTROL NUMBER | |
| control field | 3113029 |
| 003 - CONTROL NUMBER IDENTIFIER | |
| control field | OSt |
| 005 - DATE AND TIME OF LATEST TRANSACTION | |
| control field | 20250901165749.0 |
| 008 - FIXED-LENGTH DATA ELEMENTS--GENERAL INFORMATION | |
| fixed length control field | 840210s1963 nyua 000 0 eng |
| 010 ## - LIBRARY OF CONGRESS CONTROL NUMBER | |
| LC control number | 63011916 |
| 040 ## - CATALOGING SOURCE | |
| Original cataloging agency | DLC/ICU |
| Transcribing agency | ICU |
| Modifying agency | DLC |
| 050 00 - LIBRARY OF CONGRESS CALL NUMBER | |
| Classification number | RB 40 .C45 1963 |
| Item number | .C45 1963 |
| 082 00 - DEWEY DECIMAL CLASSIFICATION NUMBER | |
| Classification number | 612.0152 |
| 100 1# - MAIN ENTRY--PERSONAL NAME | |
| Personal name | Christensen, Halvor N. |
| 245 10 - TITLE STATEMENT | |
| Title | Body fluids and their neutrality. |
| 250 ## - EDITION STATEMENT | |
| Edition statement | [Rev. ed.]. |
| 260 ## - PUBLICATION, DISTRIBUTION, ETC. | |
| Place of publication, distribution, etc. | New York, |
| Name of publisher, distributor, etc. | Oxford University Press, |
| Date of publication, distribution, etc. | 1963. |
| 300 ## - PHYSICAL DESCRIPTION | |
| Extent | 197 p. |
| Other physical details | illus. |
| Dimensions | 21 cm. |
| 500 ## - GENERAL NOTE | |
| General note | "A considerable portion of this book was first published in 1959 under the title: Diagnostic biochemistry." |
| 650 #0 - SUBJECT ADDED ENTRY--TOPICAL TERM | |
| Topical term or geographic name entry element | Body fluids. |
| 650 #0 - SUBJECT ADDED ENTRY--TOPICAL TERM | |
| Topical term or geographic name entry element | Acid-base equilibrium. |
| 906 ## - LOCAL DATA ELEMENT F, LDF (RLIN) | |
| a | 7 |
| b | cbc |
| c | orignew |
| d | u |
| e | ocip |
| f | 19 |
| g | y-gencatlg |
| 942 ## - ADDED ENTRY ELEMENTS (KOHA) | |
| Source of classification or shelving scheme | Library of Congress Classification |
| Koha item type | Books |
| Withdrawn status | Lost status | Source of classification or shelving scheme | Damaged status | Not for loan | Home library | Current library | Shelving location | Date acquired | Total checkouts | Full call number | Barcode | Date last seen | Price effective from | Koha item type |
|---|---|---|---|---|---|---|---|---|---|---|---|---|---|---|
| Library of Congress Classification | Main Library | Main Library | 10/16/2024 | RB 40 .C45 1963 | PIU0010689 | 10/16/2024 | 10/16/2024 | Books |